A la luz del recuerdo : las artes y las letras en la Barcelona de los años veintitantos / las artes y las letras en la Barcelona de los años veintitantos /
Descripción Física:
Il·lustracions
Colección:
San Jorge,
; núm. 17 (gener 1955), pàg 36-41
Materias:
Art -- Barcelona (Catalunya) -- 1921-1930
; Artistes -- Barcelona (Catalunya) -- 1921-1930
; Barcelona (Catalunya) -- Vida social i costums -- S. XX
Idioma:
Español
MARC
| LEADER | 00000naa a2200000 a 4500 | ||
|---|---|---|---|
| 003 | Arxiu | ||
| 005 | 20260324181151.0 | ||
| 008 | 160829s1955 spc xx s spa c | ||
| 040 | |a AGDB | ||
| 100 | 1 | |a Gasch, Sebastià, |d 1897-1980 |9 33891 | |
| 245 | 1 | 0 | |a A la luz del recuerdo : |b las artes y las letras en la Barcelona de los años veintitantos / |c por Sebastián Gash |
| 300 | |b Il·lustracions | ||
| 490 | |a San Jorge, |v núm. 17 (gener 1955), pàg 36-41 | ||
| 650 | 0 | |a Art |9 55341 |z Barcelona (Catalunya) |y 1921-1930 | |
| 650 | 0 | |a Artistes |9 55340 |z Barcelona (Catalunya) |y 1921-1930 | |
| 651 | 0 | |a Barcelona (Catalunya) |x Vida social i costums |y S. XX |9 52686 | |
| 773 | |g núm. 17 (gener 1955), pàg 36-41 |t San Jorge. | ||
| 901 | |a Arxiu | ||
| 942 | |n 1 |2 udc |c ART | ||
| 952 | |0 0 |1 0 |4 0 |6 REV510 |7 1 |9 65126 |a Arxiu |b Arxiu |d 2023-01-25 |l 0 |o Rev-510 |r 2023-01-25 00:00:00 |w 2023-01-25 |y ARXIU |z També disponible a Rev-524 | ||
| 999 | |c 83014 |d 83014 | ||